Notes pour trop tard - Orelsan - PART 2 - Statistiques

Statistiques générales
  • Ce quiz a été pris 660 fois
  • Le résultat moyen est 364 sur 495
Statistiques - réponses
Réponse % Correct
le
95%
à
93%
de
93%
les
93%
pas
92%
ta
92%
tu
92%
un
92%
la
91%
te
91%
en
90%
et
90%
pour
90%
des
88%
plus
87%
si
87%
sur
87%
une
87%
ça
86%
c'est
86%
ma
86%
que
86%
besoin
85%
faire
84%
film
84%
ou
84%
84%
par
84%
du
83%
être
83%
qui
83%
au
82%
jamais
82%
putain
82%
dans
81%
fais
80%
qu'à
80%
sont
80%
ton
80%
est
79%
mais
79%
y'a
79%
dis
78%
d'la
78%
part
78%
qu'tu
78%
t'as
78%
t'es
78%
écoute
77%
on
77%
t'en
77%
vie
77%
comme
76%
dur
76%
tout
76%
truc
76%
daronne
75%
d'avoir
75%
d'ta
75%
enculé
75%
films
75%
fils
75%
pute
75%
trottoir
75%
bâtard
74%
laisse
74%
sois
74%
d'juge
73%
premier
73%
d'un
72%
fait
72%
j'ai
72%
même
72%
ne
72%
partir
72%
quand
72%
sketch
72%
t'aimes
72%
autre
71%
dedans
71%
glisser
71%
juste
71%
tête
71%
bien
70%
d'être
70%
veux
70%
bêtes
69%
blagues
69%
coin
69%
c'que
69%
d'race
69%
fois
69%
garde
69%
insultes
69%
lois
69%
mère
69%
penses
69%
trop
69%
blanc
68%
cruels
68%
d'sexualité
68%
noir
68%
parce
68%
père
68%
tôt
68%
très
68%
dire
67%
d'rentrer
67%
espagnol
67%
l'école
67%
sexuelles
67%
victime
67%
bande
66%
bonnes
66%
chimie
66%
crois
66%
faible
66%
filme
66%
galère
66%
gens
66%
jardiland
66%
j'fais
66%
prends
66%
qu'en
66%
qu'on
66%
t'auras
66%
trucs
66%
t'sens
66%
visé
66%
depuis
65%
drogue
65%
d'une
65%
épaules
65%
grand-chose
65%
l'air
65%
l'heure
65%
méchantes
65%
métaphores
65%
monde
65%
patron
65%
pourrais
65%
réagis
65%
rend
65%
société
65%
temps
65%
vannes
65%
chiant
64%
dirait
64%
fabriquer
64%
fin
64%
latinas
64%
première
64%
rentrera
64%
rien
64%
sac-à-dos
64%
arrête
63%
bambou
63%
d'orientation
63%
l'poids
63%
d'contact
62%
diront
62%
dis-toi
62%
d'matos
62%
humains
62%
l'opposé
62%
pires
62%
semblant
62%
tèj'
62%
conseillers
61%
êtres
61%
faut
61%
filtre
61%
texte
61%
ceux
60%
clair
60%
gros
60%
meilleurs
60%
partie
60%
philo
60%
préfères
60%
qu'les
60%
raconter
60%
actrices
59%
boule
59%
calvaire
59%
cours
59%
donc
59%
fond
59%
note
59%
peux
59%
t'étais
59%
voler
59%
branler
58%
qu'éloigner
58%
t'appréhendes
58%
ans
57%
arrêter
57%
eux
57%
heureux
57%
mieux
57%
perds
57%
témoins
57%
tous
57%
avec
56%
confiance
56%
défoncé
56%
l'examen
56%
marche
56%
merde
56%
moment
56%
passion
56%
qu'il
56%
savoir
56%
censé
55%
disent
55%
hyperactifs
55%
longtemps
55%
t'accroches
55%
compris
54%
dépistage
54%
regrettes
54%
servent
54%
soient
54%
d'dans
53%
rater
53%
t'dira
53%
verra
53%
coeur
52%
dernier
52%
fumer
52%
l'plus
52%
trainer
52%
déchiré
51%
encore
51%
j'vais
51%
kiffé
51%
marrant
51%
quarante
51%
tant
51%
t'mettes
51%
weed
51%
d'apprendre
50%
devenir
50%
famille
50%
genre
50%
losers
50%
quitter
50%
oui
49%
partais
49%
personne
49%
dernière
48%
devoir
48%
fragile
48%
l'malin
47%
nuit
47%
quoi
47%
qu'ont
47%
raterais
47%
surtout
47%
trouver
47%
ah
46%
boîte
46%
d'c'qu'ils
46%
gamines
46%
trois-quarts
46%
crever
45%
quatre
45%
vampiriser
45%
rumeur
44%
vivre
44%
m'empêche
43%
réveilles
43%
t'obliges
43%
jour
37%
honnêtement
36%
qu'un
34%
sniffer
33%
bong
17%
Aucun quiz correspondant
Distribution des résultats
% des personnes avec chaque résultat
Percentile par nombre de réponses
Votre historique - résultats
Vous n’avez pas pris ce quiz